000 00433nam a2200181Ia 4500
001 22657
005 20260414150845.0
008 260414t2012||||xx |||||||||||||| ||spa||
041 _aESP
082 _a621.3827
_bH74
100 _aHood, Dave
_eAUT
245 0 _aGigabit-capable passive optical networks
_b
260 _c2012
300 _a431 páginas :
_c24 cm.
650 _aTCA
654 _aCET
942 _cLIB
_dJUS
_fJUS
_2ddc
_n
999 _c22657
_d22657